| 000 | 00429nam a2200133Ia 4500 | ||
|---|---|---|---|
| 008 | 231129s9999||||xx |||||||||||||| ||spa|| | ||
| 020 | _a84-206-0483-6 | ||
| 040 | _bspa | ||
| 082 | _a321.4 L814s | ||
| 100 | _aLocke John | ||
| 245 | 0 | _aSegundo tratado sobre el gobierno civil: Un ensayo acerca del verdadero origen alcance y fin del gobierno civil | |
| 264 | _aAlianza | ||
| 942 |
_2ddc _cBKS |
||
| 999 |
_c24412 _d24412 |
||